000 00733nam a2200265Ia 4500
005 20260302120009.0
008 008 260114s9999 xx 000 0 eng d
020 _a9781509902736
037 _aTextbook
040 _aCRL
040 _beng
040 _cCRL
041 _2eng
041 _aeng
084 _qCRL
100 _aSabrina Germain
_91123309
245 0 _aJustice and Profit in Health Care Law A Comparative Analysis of the United States and the United Kingdom
260 _bBloomsbury
260 _bHart Publishing
260 _c2019
650 _aLaw
856 _uhttps://dx.doi.org/10.5040/9781509902736?locatt=label:secondary_bloomsburyCollections
942 _cEBOOK
999 _c1688197
_d1688197